Sankaracarya (Record no. 1384656)

MARC details
000 -LEADER
fixed length control field 00672nam a2200289Ia 4500
008 - FIXED-LENGTH DATA ELEMENTS--GENERAL INFORMATION
fixed length control field 160525s9999||||xx |||||||||||||| ||und||
020 ## - INTERNATIONAL STANDARD BOOK NUMBER
International Standard Book Number 81-260-1575-5
040 ## - CATALOGING SOURCE
Transcribing agency English
082 ## - DEWEY DECIMAL CLASSIFICATION NUMBER
Classification number XV.G/Shankaracharya
082 ## - DEWEY DECIMAL CLASSIFICATION NUMBER
Item number BORI-90355
100 ## - MAIN ENTRY--PERSONAL NAME
Personal name S. B. Raghunathacharya
245 ## - TITLE STATEMENT
Title Sankaracarya
250 ## - EDITION STATEMENT
Remainder of edition statement First
260 ## - PUBLICATION, DISTRIBUTION, ETC. (IMPRINT)
Name of publisher, distributor, etc Sahitya Akademi
300 ## - PHYSICAL DESCRIPTION
Extent 81
300 ## - PHYSICAL DESCRIPTION
Dimensions B
300 ## - PHYSICAL DESCRIPTION
Accompanying material Paperback
530 ## - ADDITIONAL PHYSICAL FORM AVAILABLE NOTE
Uniform Resource Identifier <a href="00090355.pdf">00090355.pdf</a>
563 ## - BINDING INFORMATION
Binding note Ref
600 ## - SUBJECT ADDED ENTRY--PERSONAL NAME
Personal name S. B. Raghunathacharya
630 ## - SUBJECT ADDED ENTRY--UNIFORM TITLE
Uniform title Sankaracarya
650 ## - SUBJECT ADDED ENTRY--TOPICAL TERM
Topical term or geographic name as entry element Biography
650 ## - SUBJECT ADDED ENTRY--TOPICAL TERM
Topical term or geographic name as entry element Reference
700 ## - ADDED ENTRY--PERSONAL NAME
Personal name S. B. Raghunathacharya
730 ## - ADDED ENTRY--UNIFORM TITLE
Uniform title Sankaracarya
942 ## - ADDED ENTRY ELEMENTS (KOHA)
Koha item type Book
Holdings
Withdrawn status Lost status Damaged status Not for loan Home library Current library Date acquired Cost, normal purchase price Total Checkouts Full call number Barcode Date last seen Cost, replacement price Price effective from Koha item type
        Bhandarkar Oriental Research Institute, Pune Bhandarkar Oriental Research Institute, Pune   25.00   BORI-90355 BORI-90355 05/25/2016 25.00 05/25/2016 Book